| 000 | 00566nam a2200193 i 4500 | ||
|---|---|---|---|
| 001 | 38493 | ||
| 003 | ES-MaACL | ||
| 005 | 20241227165825.0 | ||
| 007 | t| | ||
| 008 | 030225s1906 sp ||||1| spa d | ||
| 100 | 1 |
_aCamacho, Ricardo. _933966 |
|
| 245 | 1 | 0 |
_aEstudio experimental de las materias colorantes y cromógenas de la orina / _cRafael Camacho. |
| 260 |
_aMadrid : _b[s.n., _c1906] ( _fImp. de los hijos de M.G. Hernández) |
||
| 300 | _a1 v. | ||
| 502 | _aTesis doctoral. | ||
| 852 |
_aES-MaACL _jT-1138-F-2 |
||
| 942 | _2udc | ||
| 999 |
_c38493 _d38493 |
||